[Event "URU-ch Final 2018"]
[Site "Montevideo"]
[Date "2018.04.11"]
[Round "4"]
[White "Rodi, Luis Ernesto"]
[Black "Roselli Mailhe, Bernardo"]
[Result "0-1"]
[WhiteElo "2314"]
[BlackElo "2433"]
[Annotator "TA"]
[PlyCount "150"]
[EventDate "2018.??.??"]
[EventType "tourn"]
[EventCountry "URU"]
[SourceTitle "playchess.com"]
[Source "ChessBase"]
[SourceQuality "1"]

{[%evp 25,150,91,79,0,0,0,0,0,0,0,0,-11,-10,-21,10,-45,-14,-20,-35,-54,-58,-101,-94,-91,-68,-84,-83,-75,0,-102,-43,-69,-13,-25,-33,-61,-60,-92,-89,-81,-94,-94,-104,-98,-87,-90,-81,-85,-87,-85,-18,-54,-25,-76,-61,-54,-64,-54,-47,-54,-21,-56,-4,-91,-104,-106,-114,-196,-193,-261,-252,-370,-366,-350,-324,-326,-301,-265,-185,-348,-341,-300,-122,-239,-68,-165,-158,-110,-25,-155,-131,-220,-220,-165,-208,-213,-185,-239,-219,-239,-220,-991,-997,-902,-826,-599,-568,-995,-921,-29969,-29970,-29972,-29973,-29973,-29974,-29981,-29977,-29976,-29978,-29978,-29979,-29979,-29980,-29980,-29981,-29981,-29982]} 1. e4 c5 2. Nf3 e6 3. d4 cxd4 4. Nxd4 Nf6 5. Nc3 Nc6 6. Nxc6 bxc6 7. e5 Nd5 8. Ne4 Qc7 9. f4 Qb6 10. c4 Bb4+ 11. Ke2 Ba6 12. Kf3 {B45: Sicilian Four Knights} f5 13. exf6 Nxf6 {[#] LiveBook: 26 Games} 14. Nxf6+ ({Better is} 14. c5 $1 $16 {[%mdl 512]} Bxc5 15. Nxc5 Bxf1 16. Na4 Bxg2+ 17. Kxg2) (14. Be3 Qa5 15. Nxf6+ gxf6 16. a3 Be7 17. Kf2 {1-0 (47) Nielsen,P (2649)-Zaragatski,I (2510) Germany 2013}) 14... gxf6 $11 15. Be3 Bc5 16. Bxc5 Qxc5 17. b3 Bb7 $146 ({Predecessor:} 17... Ke7 18. Qd2 Rab8 19. Rd1 Rhd8 {0-1 (39) Novikovas,A-Wojcieszyn,Z (2150) Zakopane 2000}) 18. b4 Qxb4 19. Rb1 Qa3+ 20. Bd3 (20. Rb3 $11 c5+ 21. Ke3) 20... Ba6 {Threatens to win with ...Bxc4.} 21. Qc2 Ke7 22. Rhe1 Rab8 23. Re3 Rxb1 24. Qxb1 Qc5 25. Qb3 Qb6 26. Qc2 Qc5 27. Qb3 Kf7 (27... Qh5+ $17 28. Kf2 Qh4+ 29. Kg1 Qxf4 30. Qa3+ Ke8) 28. g3 $15 h5 (28... Rd8 $15) 29. Bf1 Qb6 30. Qd1 Bc8 (30... d5 {with more complications.} 31. Qe1 Bc8 32. cxd5 cxd5 33. Rb3 Qg1) 31. Qd6 c5 $36 {[%mdl 2048] Black is really pushing.} 32. Qxb6 axb6 $17 {[%mdl 4096] Endgame KRB-KRB} 33. Rb3 Bb7+ 34. Ke3 Ra8 35. Rxb6 Bc6 36. Rb2 f5 37. Be2 Kg6 (37... Ra3+ $17 38. Kf2 h4 $1 {[%mdl 512]} 39. gxh4 Rh3) 38. Kf2 Ra3 39. Bd1 (39. h4 $11) 39... Rc3 40. Rc2 Rd3 $1 {[%cal Rd3d1]} 41. Be2 Ra3 42. Rd2 Rc3 (42... h4 $5) 43. Rb2 {[#]} Rc1 (43... h4 $1 $15 {[%mdl 512]}) 44. Bf1 (44. h4 $11 {keeps the balance.}) 44... Kf6 45. Rd2 Ke7 46. Re2 (46. Be2 $17) 46... Be4 $1 $19 47. Rb2 (47. Re3 $142) 47... d5 48. Rb5 (48. a4 {keeps fighting.}) 48... Kd6 49. Rb6+ Kd7 50. cxd5 Rc2+ 51. Ke1 Bxd5 52. a4 $2 (52. Be2 {was called for.}) 52... Rc1+ ({Weaker is} 52... Rxh2 53. a5 $19) 53. Kf2 Kc7 (53... c4 $1 $19 {Strongly threatening ...c3.} 54. Ra6 Kc7) 54. a5 (54. Rb2 $17) 54... Ra1 $2 (54... c4 $1 $19 {[%cal Rc4c3] Hoping for ...c3.} 55. Be2 Rh1) 55. Rb2 (55. Be2 $15) 55... Rxa5 56. Be2 {[#]} Ra8 ({Black should try} 56... h4 $1 $17 {[%mdl 512]} 57. gxh4 Ra3) 57. Ke3 (57. h4 $11) 57... Kc6 58. Bxh5 (58. Rd2 $17 {is a better defense.}) 58... Ra3+ 59. Kf2 c4 60. Be2 Kc5 61. Rc2 {[#]} (61. Rb1 $142) 61... Ra1 $1 62. Ke3 Rh1 63. Bf3 $2 (63. Bd3) 63... Bxf3 64. Kxf3 {KR-KR} Kb4 65. Rb2+ Ka3 66. Re2 {[#]} c3 $1 67. Rxe6 c2 {Black mates.} 68. Rc6 c1=Q 69. Rxc1 Rxc1 {KR-K3P} 70. h4 Rc3+ 71. Kg2 Kb4 72. h5 Kc5 73. Kh3 Kd6 74. Kh4 Ke6 75. h6 Kf6 {Precision: White = 35%, Black = 58%.} 0-1

[Event "URU-ch Final 2018"]
[Site "Montevideo"]
[Date "2018.04.11"]
[Round "4"]
[White "Larrea, Manuel"]
[Black "Carbone, Diego"]
[Result "1/2-1/2"]
[WhiteElo "2289"]
[BlackElo "2219"]
[Annotator "TA"]
[PlyCount "110"]
[EventDate "2018.??.??"]
[EventType "tourn"]
[EventCountry "URU"]
[SourceTitle "playchess.com"]
[Source "ChessBase"]
[SourceQuality "1"]

{[%evp 17,110,0,0,6,18,0,12,-33,0,0,-5,-7,-14,-17,-16,-17,49,20,34,10,40,33,56,14,14,0,0,0,0,0,0,-33,-51,-153,-191,-171,-129,-257,-259,-260,-275,-274,-274,-268,-278,-278,-255,-252,-268,-245,-145,-151,-151,-151,-150,-199,-195,-254,-232,-342,-175,-458,-183,-254,-232,-254,-253,-216,-255,-262,-262,-257,-261,-248,-228,-260,-257,-241,-239,-294,-217,-467,-446,-483,-463,-450,-427,-380,-302,-203,-83,-127,0,-8,0]} 1. e4 e5 2. Nf3 Nc6 3. Bc4 Bc5 4. c3 Nf6 5. d3 O-O 6. O-O d6 7. a4 a5 8. Na3 {C54: Giuoco Piano: 4 c3 Nf6, main lines with 5 d4 and 5 d3} h6 (8... Be6 9. Bxe6 fxe6 10. Nc2 Qe8 11. Be3 Bxe3 12. Nxe3 Rd8 13. Qe2 d5 14. Rfe1 Qg6 15. Nf1 Nh5 {½-½ (38) Anand,V (2782)-Ding,L (2777) Riadh 2017}) 9. Nc2 Ne7 {LiveBook: 5 Games} 10. Re1 Ng6 11. d4 $146 ({Predecessor:} 11. Be3 Bxe3 12. Nxe3 c6 13. Bb3 Re8 14. g3 {1-0 (30) Kulaots,K (2577)-Thybo,J (2464) Riga 2017}) 11... Bb6 12. h3 Re8 (12... exd4 {seems wilder.} 13. Nfxd4 Re8 14. Bd3 Bd7 15. b3 Bc5) 13. dxe5 dxe5 14. Qxd8 Rxd8 15. Be3 Bxe3 16. Nxe3 c6 (16... Bd7 $11) 17. Rad1 Bd7 18. Nf5 Be8 (18... b5 $5 {[%cal Rb5c4]} 19. Ba2 Be6 20. Bxe6 fxe6 $14) 19. Nd6 Rd7 {Strongly threatening ...Rad8.} 20. Nxe8 (20. Rd2 {is interesting.} Kf8 21. g3 Ke7 22. Red1 Rxd6 23. Rxd6 Nxe4 24. R6d3) 20... Rxe8 21. Rxd7 (21. Rb1 {keeps more tension.} Rb8 22. b4 Ra8 23. Ra1 b6 24. h4) 21... Nxd7 22. b4 Ra8 23. Bb3 Kf8 24. Nd2 Nb6 25. b5 (25. Ra1 $15) 25... cxb5 $17 26. axb5 Nf4 27. Nc4 (27. g3 $17 Nd3 28. Re3) 27... Nxc4 $19 28. Bxc4 {[%mdl 4096] Endgame KRB-KRN} Rc8 29. Bd5 Nxd5 ({Not} 29... Rxc3 30. Bxb7 Rb3 31. Bc6 $17) 30. exd5 Rxc3 31. Rxe5 {KR-KR} Rc5 32. b6 Rb5 33. g3 Rxb6 ({Black should play} 33... f6 $1 $19 {[%cal Rf6e5]} 34. Re1 Rxb6) 34. d6 $17 Rxd6 35. Rxa5 Ke7 36. Kf1 Kd7 $1 37. h4 (37. Rf5 $142 f6 38. Ke2) 37... Kc6 $19 38. Ra8 (38. Ke2 $142) 38... Rd7 (38... b5 $142 39. Rc8+ Kb6) 39. Ke2 $2 (39. Rc8+ Kd5 40. Ke2) 39... Kc5 $2 (39... b5 40. Rc8+ Kb6) 40. Rc8+ {[#]} (40. Ra7 $142) 40... Kb4 $1 41. Rc1 b5 42. Rb1+ Kc5 43. Rc1+ {[#]} Kb6 $1 44. Rb1 Rd4 45. Ke3 Rc4 46. Kd3 g6 47. Re1 h5 48. Re8 Rc7 49. Rb8+ $2 (49. f3) 49... Ka5 50. Ra8+ Kb4 51. Ra1 Rc3+ 52. Kd2 Rc5 53. Ra7 Kb3 (53... Rf5 $19 54. f4 Rf6) 54. Rxf7 $17 Kb2 (54... Rc2+ $17 55. Kd1 Rc6) 55. Rf6 g5 {Precision: White = 34%, Black = 54%.} 1/2-1/2

[Event "URU-ch Final 2018"]
[Site "Montevideo"]
[Date "2018.04.11"]
[Round "4"]
[White "Kimelman, Gabriel"]
[Black "Rodriguez Vila, Andres"]
[Result "0-1"]
[WhiteElo "2255"]
[BlackElo "2473"]
[Annotator "TA"]
[PlyCount "120"]
[EventDate "2018.??.??"]
[EventType "tourn"]
[EventCountry "URU"]
[SourceTitle "playchess.com"]
[Source "ChessBase"]
[SourceQuality "1"]

{[%evp 13,120,35,57,27,49,42,65,47,58,51,56,6,22,13,83,69,81,70,61,48,44,38,66,50,111,90,114,9,20,35,0,5,12,-45,-42,-52,-44,-49,-52,-65,-71,-83,-70,-85,89,-17,-16,-7,-9,-5,-42,-18,21,-109,-110,-210,38,-410,-410,-408,-408,-408,-403,-407,-388,-538,-542,-587,-587,-534,-472,-565,-534,-570,-629,-611,-630,-633,-639,-636,-629,-619,-598,-544,-415,-771,-714,-748,-745,-971,-975,-3033,-2756,-3033,-2439,-1149,-2651,-2124,-2116,-2086,-1695,-2475,-1877,-1646,-1607,-9721,-10064,-29972,-29976]} 1. c4 g6 2. g3 Bg7 3. Bg2 e5 4. Nc3 Ne7 5. e3 c6 6. d4 {A21: English Opening: 1...e5 2 Nc3} d6 7. Nge2 O-O {LiveBook: 10 Games} 8. b3 {White is slightly better.} exd4 9. Nxd4 Qa5 $146 ({Predecessor:} 9... Nf5 10. Nde2 Nd7 11. O-O Nf6 12. Bb2 Re8 {½-½ (12) Ionescu,C (2481)-Badea,B (2530) Targoviste 2001}) 10. Bd2 Qc7 11. O-O Nd7 12. b4 Nb6 13. Qe2 c5 {[#]} (13... Nf5 $11 {keeps the balance.}) 14. Ndb5 $1 $36 {[%cal Rb5c7][%mdl 2048] Black is under pressure.} Qb8 15. bxc5 dxc5 16. e4 a6 17. Na3 $1 Re8 18. Rab1 Nd7 ({Black should play} 18... Qa7 $14) 19. Nc2 Ne5 20. Na4 (20. Ne3 $16) 20... Bg4 $11 21. f3 Be6 22. Nb6 Nc8 $1 {[%cal Rc8b6]} 23. Ne3 (23. Nxa8 $11 Bxc4 24. Qf2 Bxf1 25. Qxf1 (25. Kxf1 Qxa8 26. Qxc5 Na7 $11)) 23... Nxb6 $15 24. Rxb6 Nd7 $1 {[%cal Rd7b6]} 25. Rbb1 b5 26. a3 Bd4 {aiming for ...Bxc4.} 27. Kh1 {[%cal Rc4b5]} Ne5 {[%cal Re5c4]} 28. cxb5 Ba2 $2 (28... axb5 $17 {stays on course.} 29. Rxb5 Qc8) 29. Ra1 (29. b6 $16) 29... Bxa1 $11 30. Rxa1 Qxb5 31. Qxb5 axb5 32. Rxa2 {Nd5 is the strong threat.} b4 $1 33. Nd5 {[#]} (33. a4 $1 $11 {was the only way to keep the balance.}) 33... Reb8 $1 $17 34. Bf4 (34. Bf1 $17 Rxa3 35. Rb2) 34... Rxa3 $2 (34... b3 $19 35. Ra1 b2) 35. Rxa3 $4 {[%mdl 8192]} ({And not} 35. Bxe5 Rxa2 36. Bxb8 (36. Nf6+ Kg7 $17) 36... Ra1+ 37. Bf1 Rxf1+ 38. Kg2 Rd1 $17) (35. Re2 $1 $14 {is the one way to stay ahead.} Ra1+ 36. Bf1) 35... bxa3 $19 36. Bxe5 Rb1+ 37. Bf1 Rxf1+ 38. Kg2 Rc1 39. Nf6+ Kf8 40. Bd6+ Kg7 41. Ne8+ Kg8 42. Nf6+ Kh8 43. Kf2 a2 44. Be5 c4 45. Nd5+ Kg8 46. Nb4 a1=Q 47. Bxa1 Rxa1 {[%mdl 4096] Endgame KR-KN} 48. Ke3 Rd1 49. Ke2 (49. Nd5 $142) 49... Rg1 50. Ke3 Rg2 51. Kd4 Rxh2 52. Kxc4 Rh3 53. Kd4 Rxg3 54. Ke3 h5 {[%cal Bh7h5,Bh5h4][%mdl 32]} 55. Kf2 h4 56. Nd5 Kg7 57. Nf4 Kh6 58. Ne2 Rg5 59. Nf4 Ra5 60. Kg2 Ra2+ {Precision: White = 31%, Black = 54%.} 0-1

[Event "URU-ch Final 2018"]
[Site "Montevideo"]
[Date "2018.04.11"]
[Round "4"]
[White "Caitano, Martin Joel"]
[Black "Granara Barreto, Sebastian"]
[Result "1/2-1/2"]
[WhiteElo "2115"]
[BlackElo "2164"]
[Annotator "TA"]
[PlyCount "47"]
[EventDate "2018.??.??"]
[EventType "tourn"]
[EventCountry "URU"]
[SourceTitle "playchess.com"]
[Source "ChessBase"]
[SourceQuality "1"]

{[%evp 25,47,0,22,4,21,16,27,32,23,5,33,40,43,37,29,8,8,8,8,8,8,8,8,8]} 1. d4 Nf6 2. c4 c5 3. d5 b5 4. cxb5 a6 5. bxa6 g6 6. Nc3 Bg7 7. Nf3 O-O 8. g3 d6 9. Bg2 Nbd7 10. O-O Nb6 11. e4 Bxa6 12. Re1 Nfd7 13. Bf1 {A58: Benko/Volga Gambit: Lines with 5 bxa6} Nc4 {LiveBook: 8 Games} 14. Nd2 Nde5 15. Nxc4 Nxc4 16. Bxc4 (16. Bd3 Qb6 17. Rb1 Rfb8 18. Na4 Qb4 19. Kg2 Ne5 20. Bd2 {0-1 (53) Harika,D (2528)-Kramnik,V (2803) Douglas 2017}) 16... Bxc4 {[#]} 17. Bf4 $146 ({Find the theoretical novelty and annotate with similar games:} 17. Qc2 Qb6 18. Bf4 e5 19. dxe6 fxe6 20. e5 d5 {½-½ (28) Sanikidze,T (2515)-Hamitevici,V (2429) Montpellier 2015}) 17... Qb6 18. Qd2 Qb4 19. e5 Rfd8 $1 20. Re4 {[#] b3 is the strong threat.} dxe5 {The position is equal.} 21. Bxe5 Rxd5 22. Qxd5 Bxd5 23. Rxb4 cxb4 24. Bxg7 1/2-1/2

[Event "URU-ch Final 2018"]
[Site "Montevideo"]
[Date "2018.04.11"]
[Round "5"]
[White "Rodriguez Vila, Andres"]
[Black "Caitano, Martin Joel"]
[Result "1-0"]
[WhiteElo "2473"]
[BlackElo "2115"]
[Annotator "TA"]
[PlyCount "51"]
[EventDate "2018.??.??"]
[EventType "tourn"]
[EventCountry "URU"]
[SourceTitle "playchess.com"]
[Source "ChessBase"]
[SourceQuality "1"]

{[%evp 14,51,44,37,66,83,62,64,57,59,109,112,130,112,89,87,140,130,241,228,225,219,528,516,607,602,608,600,408,166,159,159,411,406,383,225,310,295,5381,724]} 1. e4 {[%cal Be2e4,Be4d5][%mdl 32]} d5 2. exd5 Nf6 3. d4 Bg4 4. Bb5+ Nbd7 5. Be2 Bxe2 6. Qxe2 Nxd5 7. c4 N5f6 8. Nc3 {LiveBook: 9 Games. B01: Scandinavian Defence} (8. Nf3 e6 9. O-O Bd6 10. Nc3 O-O 11. c5 Be7 12. Bf4 Rc8 13. b4 Re8 14. Rfe1 Nf8 15. Qb5 Nd5 16. Nxd5 exd5 17. Qxb7 {½-½ (77) Heimann,A (2459)-Filipovic,B (2374) Basel 2012}) 8... c6 9. Nf3 Qa5 10. O-O {White is slightly better.} e6 11. Bd2 $146 ({Predecessor:} 11. Bf4 Bb4 12. Bd2 O-O 13. a3 Bxc3 14. Bxc3 Qh5 {1-0 (51) Rujevic,M (2225)-Dizdarevic,M (1912) Melbourne 2010}) 11... Qh5 12. d5 cxd5 13. Nb5 $36 {[%mdl 2048] White has strong initiative.} Rc8 14. Rac1 {[#] Strongly threatening cxd5.} dxc4 (14... Bc5 $142) 15. Rxc4 $16 Rxc4 (15... Rc5 $16) 16. Qxc4 $18 {Threatens to win with Qc8+.} Nb6 17. Nc7+ Kd7 $2 (17... Kd8 18. Qd4+ Nfd7) 18. Qd4+ Bd6 19. Bb4 Nfd5 20. Bxd6 Kxd6 21. Nxd5 (21. g4 $142 Qh6 22. Nb5+ Kc6 23. g5 (23. Nxa7+ Kc7 $14)) 21... Nxd5 22. Qxa7 b6 $2 (22... Rc8 $16 23. Qxb7 Rc7) 23. Rc1 {[#] Black must now prevent Qb7.} Rd8 24. Nd4 (24. h4 $142) 24... Rd7 25. Qa4 Qe5 $2 (25... b5 26. Qxb5 Rc7) 26. Qa3+ {Precision: White = 64%, Black = 15%.} 1-0

[Event "URU-ch Final 2018"]
[Site "Montevideo"]
[Date "2018.04.11"]
[Round "5"]
[White "Roselli Mailhe, Bernardo"]
[Black "Larrea, Manuel"]
[Result "1-0"]
[WhiteElo "2433"]
[BlackElo "2289"]
[Annotator "TA"]
[PlyCount "53"]
[EventDate "2018.??.??"]
[EventType "tourn"]
[EventCountry "URU"]
[SourceTitle "playchess.com"]
[Source "ChessBase"]
[SourceQuality "1"]

{[%evp 27,53,49,58,42,42,51,44,45,48,44,52,53,72,45,83,80,103,101,129,125,127,127,127,123,191,194,209,200]} 1. d4 Nf6 2. Nf3 d5 3. c4 e6 4. g3 c5 5. cxd5 exd5 6. Bg2 Nc6 7. O-O Be7 8. Nc3 O-O 9. dxc5 Bxc5 10. Na4 Be7 11. Be3 Ne4 12. Rc1 Be6 13. Nd4 {D34: Tarrasch Defence: 6 g3 Nf6 7 Bg2 Be7} Nxd4 14. Bxd4 Qa5 {LiveBook: 5 Games} 15. Nc3 $146 {White is slightly better.} ({Find the theoretical novelty and annotate with similar games:} 15. a3 Rac8 16. Nc3 Nxc3 17. Bxc3 Qb5 18. Qd4 Bf6 19. Qxa7 Bxc3 20. bxc3 Ra8 21. Qd4 Rxa3 22. Rb1 Qxe2 23. Bxd5 Bxd5 24. Qxd5 Rxc3 25. Rfe1 Qf3 26. Qxf3 Rxf3 27. Rxb7 h5 {½-½ (27) Narciso Dublan,M (2458)-Kalod,R (2505) Badalona 2005}) 15... Nxc3 16. Rxc3 Qxa2 17. Rc7 Bd6 18. Rxb7 Rfb8 19. Rxb8+ Rxb8 20. Qd2 Qa4 21. Bc3 Bf8 22. Bxd5 Bxd5 23. Qxd5 Qb5 24. Qxb5 Rxb5 25. Rd1 Rb7 (25... Rb8 $16 {was called for.} 26. Rd7 Bc5) 26. Rd8 $18 f6 27. Bd4 1-0

[Event "URU-ch Final 2018"]
[Site "Montevideo"]
[Date "2018.04.11"]
[Round "5"]
[White "Carbone, Diego"]
[Black "Lopez Azambuja, Nicolas"]
[Result "1/2-1/2"]
[WhiteElo "2219"]
[BlackElo "2314"]
[Annotator "NA"]
[PlyCount "45"]
[EventDate "2018.??.??"]
[EventType "tourn"]
[EventCountry "URU"]
[SourceTitle "playchess.com"]
[Source "ChessBase"]
[SourceQuality "1"]
[TimeControl "40/5400+30:1800+30"]

1. d4 {[%emt 0:04:30]} Nf6 {[%emt 0:03:52]} 2. Nf3 {[%emt 0:00:22]} e6 {[%emt 0:00:52]} 3. g3 {[%emt 0:00:41]} b6 {[%emt 0:01:26]} 4. Bg2 {[%emt 0:00:50]} Bb7 {[%emt 0:00:27]} 5. O-O {[%emt 0:01:45]} Be7 {[%emt 0:00:49]} 6. c4 {[%emt 0:01:00]} O-O {[%emt 0:00:20]} 7. Nc3 {[%emt 0:01:31]} Ne4 {[%emt 0:04:02]} 8. Qc2 {[%emt 0:00:36]} Nxc3 {[%emt 0:01:18]} 9. Qxc3 {[%emt 0:00:07]} Bf6 {[%emt 0:04:39]} 10. b3 {[%emt 0:14:50]} c5 {[%emt 0:05:02]} 11. Bb2 {[%emt 0:11:34]} cxd4 {[%emt 0:14:55]} 12. Nxd4 {[%emt 0:02:50]} Bxg2 {[%emt 0:01:09]} 13. Kxg2 {[%emt 0:00:28]} Nc6 {[%emt 0:00:50]} 14. Qd2 {[%emt 0:01:20]} Bxd4 {[%emt 0:15:10]} 15. Bxd4 {[%emt 0:02:23]} d5 {[%emt 0:01:28]} 16. Bb2 {[%emt 0:15:00]} dxc4 {[%emt 0:00:56]} 17. Qc3 {[%emt 0:01:27]} Qd5+ {[%emt 0:01:02]} 18. f3 {[%emt 0:07:06]} e5 {[%emt 0:01:27]} 19. Rfd1 {[%emt 0:04:55]} Qe6 {[%emt 0:01:35]} 20. Rac1 {[%emt 0:08:03]} b5 {[%emt 0:08:30]} 21. bxc4 {[%emt 0:06:36]} b4 {[%emt 0:03:40]} 22. Qc2 {[%emt 0:01:24]} Rac8 {[%emt 0:05:25]} 23. Rd5 {[%emt 0:02:11]} 1/2-1/2

[Event "URU-ch Final 2018"]
[Site "Montevideo"]
[Date "2018.04.11"]
[Round "5"]
[White "Granara Barreto, Sebastian"]
[Black "Rodi, Luis Ernesto"]
[Result "0-1"]
[WhiteElo "2164"]
[BlackElo "2314"]
[Annotator "TA"]
[PlyCount "83"]
[EventDate "2018.??.??"]
[EventType "tourn"]
[EventCountry "URU"]
[SourceTitle "playchess.com"]
[Source "ChessBase"]
[SourceQuality "1"]

{[%evp 18,83,27,7,6,8,13,-34,-21,-41,-35,-29,65,0,-5,-9,-11,-33,-32,-31,-31,-51,-44,-113,-116,-130,-130,-136,-137,-143,-131,-135,-97,-81,0,0,0,-22,-25,-104,-120,-131,-100,-114,-106,-105,-80,-146,-194,-189,-182,-313,-297,-291,-254,-330,-328,-470,-322,-384,-372,-643,-684,-667,-645,-721,-709,-777]} 1. c4 e5 2. Nc3 Nc6 3. g3 Bc5 4. Bg2 a6 5. e3 d6 6. Nge2 {A25: English Opening vs King's Indian with ...Nc6 but without early d3} h5 7. d4 Ba7 8. h3 h4 9. g4 f5 10. gxf5 {LiveBook: 3 Games} Bxf5 11. d5 Nce7 12. e4 Bd7 $146 13. f4 {[%cal Bf2f4,Bf4f5][%mdl 32]} Ng6 14. f5 Nf8 (14... Qf6 $1 $11) 15. Qd3 (15. Qb3 $14) 15... Qf6 16. Rf1 g6 17. Be3 Bxe3 18. Qxe3 gxf5 19. exf5 Qh6 $1 {[%cal Rh6e3]} 20. Qf2 (20. Qd3 $15) 20... Nh7 $1 $17 21. Ne4 {Threatens to win with f6.} Ne7 22. f6 Nf5 {Strongly threatening ...Ne3.} 23. c5 O-O $1 {...Ne3 is the strong threat.} ({Don't play} 23... Nxf6 24. Nxf6+ Qxf6 25. Be4 $15) 24. N2c3 Kh8 25. Qd2 Qxd2+ (25... Qg6 $17 26. O-O-O Nxf6) 26. Kxd2 $11 Nxf6 27. Nxf6 Rxf6 28. Ne4 (28. c6 $11 {keeps the balance.} Bc8 29. Rf2) 28... Rg6 $17 29. Rf2 Rag8 30. Bf1 Ng3 31. Bd3 Kg7 32. cxd6 (32. Rc1 $142) 32... cxd6 33. Rc1 {[#]} Rc8 $1 $36 {[%cal Rc8c1][%mdl 2048] And now ...Rxc1 would win. Keeping White busy.} ({Less strong is} 33... Bxh3 {[#]} 34. Ng5 $1 $11 {[%mdl 512]}) 34. Nc3 (34. Nxg3 {was worth a try.} Rxg3 35. Rcf1) 34... Rf6 $19 ({Weaker is} 34... Bxh3 35. Bxg6 Kxg6 36. Rg1 $17) 35. Rh2 Rf4 36. Rg1 Kh6 37. Ne2 (37. Ke1 {might work better.}) 37... Rf3 38. Nc3 Rcf8 39. Ne4 $2 {[#]} (39. Be2 R3f4 40. Ke1) 39... Rxd3+ $1 {[%mdl 512] Black is clearly winning.} 40. Kxd3 Rf3+ 41. Kd2 {Black must now prevent Nxg3.} Nxe4+ 42. Ke2 {Precision: White = 38%, Black = 75%.} 0-1

[Event "URU-ch Final 2018"]
[Site "Montevideo"]
[Date "2018.04.11"]
[Round "5"]
[White "Dominguez, Facundo"]
[Black "Kimelman, Gabriel"]
[Result "0-1"]
[WhiteElo "2143"]
[BlackElo "2255"]
[Annotator "TA"]
[PlyCount "74"]
[EventDate "2018.??.??"]
[EventType "tourn"]
[EventCountry "URU"]
[SourceTitle "playchess.com"]
[Source "ChessBase"]
[SourceQuality "1"]

{[%evp 14,74,33,20,20,20,20,14,20,17,17,16,15,15,15,15,19,0,26,0,9,0,0,0,0,0,-21,-18,-14,-118,-112,-111,-132,-134,-108,-97,-106,-101,-117,-106,-121,-190,-187,-320,-303,-273,-279,-282,-280,-380,-181,-450,-452,-579,-581,-562,-500,-1491,-448,-1483,-1447,-1330,-1214]} 1. e4 e6 2. d4 d5 3. Bd3 Nf6 4. e5 Nfd7 5. f4 c5 6. c3 {C01: French: Exchange Variation} Nc6 7. Nf3 Qb6 8. Bc2 {LiveBook: 5 Games. White is slightly better.} cxd4 9. cxd4 Nb4 10. O-O Nxc2 11. Qxc2 Be7 12. Nc3 O-O $146 ({Predecessor:} 12... f5) 13. Be3 f5 14. Na4 Qd8 15. Rfc1 Nb8 {[%cal Bd7b8,Bb8c6,Bc6a5,Ba5c4][%mdl 32]} 16. a3 b6 17. Nc3 Bd7 18. Qd3 Qe8 19. Rc2 Nc6 20. Rac1 Na5 21. b4 (21. Bf2 $11 {remains equal.}) 21... Nc4 $17 22. Ra2 a5 23. bxa5 Bxa3 24. Rxa3 Nxa3 25. Nxd5 exd5 ({Stronger than} 25... Rxa5 26. Nc7 $16) 26. Qxa3 bxa5 {[%cal Bb6a5,Ba5a4][%mdl 32]} 27. Rc5 (27. Bd2 $17) 27... a4 $19 28. Rxd5 (28. Bc1 $142) 28... Bc6 29. Rc5 Bxf3 30. gxf3 Qg6+ 31. Kh1 Qh5 (31... Qa6 $142 32. Rc2 Rfb8) 32. Bf2 $2 {[#]} (32. Qa2+ {was called for.} Kh8 33. Kg2) 32... Rfb8 {Black is clearly winning.} 33. Qa2+ Kh8 34. Rc3 Qh3 35. d5 (35. Qa1 $142 Rb6 36. Qxa4) 35... Qf1+ 36. Bg1 Rb1 {[%csl Gb1][%cal Rf1g1] [#]} 37. Qg2 a3 {Precision: White = 47%, Black = 82%.} 0-1

[Event "URU-ch Final 2018"]
[Site "Montevideo"]
[Date "2018.04.12"]
[Round "6"]
[White "Lopez Azambuja, Nicolas"]
[Black "Kimelman, Gabriel"]
[Result "1/2-1/2"]
[WhiteElo "2314"]
[BlackElo "2255"]
[Annotator "TA"]
[PlyCount "47"]
[EventDate "2018.??.??"]
[EventType "tourn"]
[EventCountry "URU"]
[SourceTitle "playchess.com"]
[Source "ChessBase"]
[SourceQuality "1"]

{[%evp 17,47,14,16,17,17,31,18,20,24,20,17,20,56,39,42,33,35,34,48,40,33,24,80,43,86,9,9,9,8,0,0,0]} 1. d4 e6 2. c4 Nf6 3. Nc3 Bb4 4. e3 b6 5. Nge2 Ba6 6. a3 Bxc3+ 7. Nxc3 d5 8. b3 O-O 9. Be2 c5 {LiveBook: 8 Games} 10. dxc5 {E45: Nimzo-Indian: Rubinstein: 4...b6 5 Ne2 Ba6} (10. O-O cxd4 11. exd4 Nc6 12. Be3 Rc8 13. Rc1 dxc4 14. bxc4 Na5 15. Nb5 Bxb5 16. cxb5 Nd5 17. Qd3 Qd6 {0-1 (54) Sriram,J (2356)-Sorokin,M (2572) Kolkata 2000}) 10... dxc4 $146 ({Predecessor:} 10... bxc5 11. Bf3 Bb7 12. O-O Na6 13. Bb2 Nc7 14. Na4 Qe7 15. Rc1 Nd7 16. Qc2 Rac8 17. Qc3 f6 {1-0 (39) Brunner,N (2404)-Launiau,S (2101) Issy les Moulineaux 2008}) 11. Qxd8 Rxd8 12. bxc4 Nbd7 13. cxb6 Nxb6 14. Nb5 {[%cal Bc3b5,Bb5a7,Ba7c6][%mdl 32] [#] aiming for Nc7.} Rdc8 15. Bf3 Rab8 $1 16. Nxa7 Rc7 17. Nc6 Rbc8 18. Nb4 Bxc4 19. Be2 Nbd5 (19... Ne4 $11) 20. Nxd5 Nxd5 21. Bxc4 (21. Bd2 $16) 21... Rxc4 $11 {The position is equal.} 22. O-O Rc2 {[#] White must now prevent ...Nc3.} 23. a4 Nc3 {...Ne2+ is the strong threat.} 24. Ba3 {Precision: White = 65%, Black = 70%.} 1/2-1/2